Природные лечебные ресурсы Пермской области / (Record no. 493842)
[ view plain ]
| 000 -LEADER | |
|---|---|
| fixed length control field | 01330nam a2200253 a 4500 |
| 001 - CONTROL NUMBER | |
| control field | 001187124 |
| 003 - CONTROL NUMBER IDENTIFIER | |
| control field | AM-YeHGA |
| 005 - DATE AND TIME OF LATEST TRANSACTION | |
| control field | 20250617162654.0 |
| 008 - FIXED-LENGTH DATA ELEMENTS--GENERAL INFORMATION | |
| fixed length control field | 161104s1958 ru |||||r|||||000|0|rus|d |
| 040 ## - CATALOGING SOURCE | |
| Original cataloging agency | AM-YeHGA |
| 041 0# - LANGUAGE CODE | |
| Language code of text/sound track or separate title | rus |
| 090 ## - LOCALLY ASSIGNED LC-TYPE CALL NUMBER (OCLC); LOCAL CALL NUMBER (RLIN) | |
| -- | 497230 |
| 245 00 - TITLE STATEMENT | |
| Title | Природные лечебные ресурсы Пермской области / |
| Statement of responsibility, etc. | Перм. обл. клинич. больница. |
| 260 ## - PUBLICATION, DISTRIBUTION, ETC. | |
| Place of publication, distribution, etc. | Пермь : |
| Name of publisher, distributor, etc. | Б. и., |
| Date of publication, distribution, etc. | 1958. |
| 300 ## - PHYSICAL DESCRIPTION | |
| Extent | 26 см ; |
| Dimensions | 21 см. |
| 505 0# - FORMATTED CONTENTS NOTE | |
| Formatted contents note | Содерж.: Природные лечебные растительные ресурсы Пермской области / Доц. Д.М. Раппопорт. Бальнеологические ресурсы Пермской области / Проф. П.А. Ясницкий |
| 650 14 - SUBJECT ADDED ENTRY--TOPICAL TERM | |
| Topical term or geographic name entry element | Медицина |
| 650 14 - SUBJECT ADDED ENTRY--TOPICAL TERM | |
| Topical term or geographic name entry element | Фармакология |
| 650 14 - SUBJECT ADDED ENTRY--TOPICAL TERM | |
| Topical term or geographic name entry element | Лекарственные вещества растительного происхождения |
| 650 14 - SUBJECT ADDED ENTRY--TOPICAL TERM | |
| Topical term or geographic name entry element | Лекарственные растения |
| 653 0# - INDEX TERM--UNCONTROLLED | |
| Uncontrolled term | Лекарственные растения, дикорастущие - Пермская область |
| 653 0# - INDEX TERM--UNCONTROLLED | |
| Uncontrolled term | Минеральные источники - Пермская область |
| 710 2# - ADDED ENTRY--CORPORATE NAME | |
| Corporate name or jurisdiction name as entry element | Пермская областная клиническая больница |
| Withdrawn status | Lost status | Source of classification or shelving scheme | Damaged status | Not for loan | Collection | Home library | Current library | Date acquired | Total checkouts | Full call number | Barcode | Date last seen | Price effective from | Koha item type | Public note |
|---|---|---|---|---|---|---|---|---|---|---|---|---|---|---|---|
| Universal Decimal Classification | General | Fundamental Scientific Library | Fundamental Scientific Library | 16/05/2019 | PII/311 | FL0579191 | 16/05/2019 | 16/05/2019 | Գրքեր / Books | 30 Days Loan |
ՀՀ Գիտությունների ազգային ակադեմիայի հիմնարար գիտական գրադարան = Fundamental Scientific Library of NAS RA
All site content, except where otherwise noted, is licensed under a